| 000 | 01392nam a22002537a 4500 | ||
|---|---|---|---|
| 003 | PILC | ||
| 005 | 20250319094539.0 | ||
| 008 | 250318b |||||||| |||| 00| 0 eng d | ||
| 010 | _aAcc#49191 | ||
| 020 | _a9781619704343 | ||
| 040 | _cPhilippine Baptist Theological Seminary | ||
| 050 |
_aRef BS 195 _b.M56 2014 |
||
| 245 | _aMinistry essentials Bible: a comprehensive Bible for everyone in leadership, New International Version (NIV) / | ||
| 264 |
_aPeabody, Massachisetts : _bHendrickson Publishers Marketing, LLC, _c©2014. |
||
| 300 |
_a1999 pages ; _c25 cm. |
||
| 500 | _aThis Bible is helpful for... - Anyone in any leadership role! Campus leaders, counselors, missionaries, teachers - New or Bi-vocational pastors who would benefit from practical guidelines for navigating tasks and challenges of ministry - Lay leaders involved in Christian ministry who encounter many of the same issues pastors face - Experienced pastors who need fresh perspectives on handling specific pastoral issues | ||
| 504 | _aIncludes bibliographical references. | ||
| 505 | _aThe Old Testament -- The New Testament | ||
| 650 |
_aPastoral theology _yhandbooks, manuals, etc. |
||
| 650 |
_aChristian leadership _yHandbooks, manuals, etc. |
||
| 650 |
_aBible. English. New International Version _yStudy and teaching. |
||
| 650 |
_aChurch work _yHandbooks, manuals, etc. |
||
| 942 |
_2lcc _cREF |
||
| 999 |
_c75287 _d75287 |
||